18福井県の市町村(選択形式) - Statistics

General Stats
  • This quiz has been taken 27 times
  • The average score is 13 of 17
Answers on the Map
Answers color-coded by a green-red scale on the quiz's map according to % correct below.
 
Answer Stats
Answer % Correct
01:福井市
100%
02:敦賀市
95%
07:あわら市
95%
04:大野市
91%
05:勝山市
91%
09:坂井市
91%
10:永平寺町
86%
06:鯖江市
82%
08:越前市
73%
12:南越前町
73%
14:美浜町
73%
15:高浜町
73%
13:越前町
68%
03:小浜市
64%
11:池田町
64%
17:若狭町
64%
16:おおい町
59%
No matching quizzes found
Score Distribution
Percent of People with Each Score
Percentile by Number Answered
Your Score History
You have not taken this quiz